County License Plates of Wyoming Quiz Stats

 Plays Quiz not verified by Sporcle

Challenge
Share
Tweet
Embed
Score 0/23 Timer 05:00
0 Plays Today
License Plate Prefix County % Correct
1Natrona
90.3%
2Laramie
89.4%
5Albany
76.3%
3Sheridan
74.1%
4Sweetwater
71.3%
6Carbon
66.6%
7Goshen
63.1%
22Teton
62.8%
10Fremont
60.6%
8Platte
59.7%
11Park
59.7%
17Campbell
58.4%
License Plate Prefix County % Correct
13Converse
56.3%
9Big Horn
55.6%
12Lincoln
55.3%
19Uinta
55.3%
23Sublette
53.8%
15Hot Springs
52.5%
16Johnson
51.3%
21Weston
50%
18Crook
50%
14Niobrara
49.7%
20Washakie
49.1%

You're not logged in!

Compare scores with friends on all Sporcle quizzes.
Join for Free
OR
Log In

You Might Also Like...

Show Comments

Extras

Top Quizzes Today


Score Distribution

Your Account Isn't Verified!

In order to create a playlist on Sporcle, you need to verify the email address you used during registration. Go to your Sporcle Settings to finish the process.

Report this User

Report this user for behavior that violates our Community Guidelines.

Details: